| 000 -LEADER |
| fixed length control field |
00728cam a22001577a 4500 |
| 008 - FIXED-LENGTH DATA ELEMENTS--GENERAL INFORMATION |
| fixed length control field |
180718b2001 xxu||||| |||| 00| 0 eng d |
| 082 ## - DEWEY DECIMAL CLASSIFICATION NUMBER |
| Classification number |
Q39x54 P941 |
| 245 ## - TITLE STATEMENT |
| Title |
Proceedings of the Asian GPS conference (29-30 October 2001: India International Centre, New Delhi) |
| Statement of responsibility, etc. |
by Centre for Spatial Database Management and Solutions |
| 260 ## - PUBLICATION, DISTRIBUTION, ETC. |
| Place of publication, distribution, etc. |
Noida |
| Name of publisher, distributor, etc. |
CSDMS |
| Date of publication, distribution, etc. |
2001 |
| 300 ## - PHYSICAL DESCRIPTION |
| Extent |
157p. |
| 700 ## - ADDED ENTRY--PERSONAL NAME |
| Personal name |
India. Ministry of Information Technology. Department of Science and Technology |
| 700 ## - ADDED ENTRY--PERSONAL NAME |
| Personal name |
Asian Institute of Technology, Bangkok |
| 700 ## - ADDED ENTRY--PERSONAL NAME |
| Personal name |
Asian Association on Remote Sensing (AARS) |
| 700 ## - ADDED ENTRY--PERSONAL NAME |
| Personal name |
Asian Remote Sensing Research Information Network (ARSRIN) |
| 700 ## - ADDED ENTRY--PERSONAL NAME |
| Personal name |
Centre for Spatial Database Management and Solutions, Noida |